01319 2200193 4500001002100000005001500021035002000036245004100056100001400097250001700111300002900128260003500157082000800192084001400200020002200214650002100236520084300257500002501100INLIS00000000000022320240528063531 a0010-05240001451 aMembasuh noda demokrasi /cHarwimuka0 aHarwimuka acetakan ke-1 a121 hlm :bilus ;c21 cm aJakarta :bGaneca Exact,c2006 a813 a813 HAR m a978-979-744-489-9 4ailmu-ilmu sosial aNur sanin, Sam masur, dan Tonri, anak-anaka dusun kembangarum yang sedang bermain layang-layang di sawah kering berlari mengejar layang-layang milik eka karna anak dusun sampur yang putus. layang-layang tersebut robek menjadi serpihan kertas-kertas kecil, membuat eka karna sangat marah. kemarahan ekar karna mengakibatkan perkelahian antara anak-anak dari dusun kembangan dengan dusun sampur. Perkelahian mereka dilerai oleh pak marto, warga dusun kembangarum, eka karna, anak pak jantur calon kepala desa yang gagal terpilih tidak dapat menerima nasihat pak marto yang dianggapnya membela anak-anak dusun kembangarum. malam harinya, kandang ayam pak marto habis terbakar. apakah pembelaan pak marto terhadap anak-anak dusun kembangarum yang membuat kandang ayamnya dibakar? ataukah ada sebab lain? ikuti kisah selanjutnya di buku ini. aSeri pengetahuan IPS